Greek God by 5 Word Description Quiz Stats

 Plays Quiz Updated Aug 8, 2016

Challenge
Share
Tweet
Embed
Score 0/20 Timer 04:00
2 Plays Today
5 Word Description God or Hero % Correct
Eagle, Thunderbolt, Olympia, Sky, King Zeus
89.5%
Cerberus, Underworld, Riches, Charon, InvisibilityHades
85.1%
Earthquake, Horses, Trident, Sea, AtlantisPoseidon
85.1%
Owl, Athens, Aegis, Parthenon, WisdomAthena
83.7%
Love, Shell, Foam, Cyprus, BeautyAphrodite
83%
Guide, Winged, Pan, Sandals, MessengerHermes
82.3%
Violence, Helmet, Phobos, War, SpearAres
80%
Peacock, Consort, Marriage, Queen, JealousyHera
78.2%
Warrior, Troy, Heel, Styx, HectorAchilles
75.7%
Moon, Huntress, Stag, Forest, BowArtemis
75.4%
5 Word Description God or Hero % Correct
Music, Sun, Lyre, Python, OracleApollo
74%
Fleece, Dragon, Medea, Argo, ColchisJason
70%
Wine, Satyr, Ecstasy, Silenus, FrenzyDionysus
69%
Mysteries, Wheat, Harvest, Mother, AgricultureDemeter
67.7%
Blacksmith, Fire, Hammer, Volcanoes, ForgeHephaestus
66.8%
Seasons, Pomegranate, Daughter, Abduction, QueenPersephone
64.2%
Strength, Hydra, Stymphalian, Labours, NemeanHeracles
60.6%
Sirens, Troy, Ithaca, Nobody, CirceOdysseus
58.1%
Reflection, Andromeda, Witches, Medusa, PegasusPerseus
52.5%
Thread, Periphetes, Labyrinth, Minotaur, HippolytaTheseus
48%

You're not logged in!

Compare scores with friends on all Sporcle quizzes.
OR
Log In

You Might Also Like...

Show Comments

Extras

Top Quizzes Today


Score Distribution

Your Account Isn't Verified!

In order to create a playlist on Sporcle, you need to verify the email address you used during registration. Go to your Sporcle Settings to finish the process.

Report this User

Report this user for behavior that violates our Community Guidelines.

Details: